Spell the Marvel Character #301 - Statistics

General Stats
  • This quiz has been taken 10 times
  • The average score is 11 of 13
Answer Stats
Picture Answer % Correct
Gwenpool
100%
Ironheart
100%
Old Man Logan
100%
Rogue
100%
America Chavez
90%
Nova
90%
Shanna
80%
Havok
70%
Outlaw
70%
Shooting Star
70%
Songbird
70%
Thunderbird
70%
Texas Twister
50%
No matching quizzes found
Score Distribution
Percent of People with Each Score
Percentile by Number Answered
Your Score History
You have not taken this quiz